| 000 | 00375nam a2200157Ia 4500 | ||
|---|---|---|---|
| 008 | 241228s9999 xx 000 0 und d | ||
| 020 | _a9781032071299 | ||
| 082 | _a621.367 UMB/C | ||
| 100 | _aUmbaugh, Scott E | ||
| 245 | 0 | _aComputer vision and image analysis: | |
| 260 | _aBoca Raton, | ||
| 260 | _bCRC Press, | ||
| 260 | _c2023 | ||
| 300 | _axix, 420p. | ||
| 942 | _cBK | ||
| 999 |
_c40125 _d40125 |
||